| 000 | 00809cam a2200265 4500 | ||
|---|---|---|---|
| 999 |
_c2897 _d2897 |
||
| 001 | 3615002 | ||
| 003 | GBCCL | ||
| 005 | 20241126110442.0 | ||
| 008 | 730814s1973 ilu b 000 0 eng | ||
| 010 | _a 73075890 | ||
| 020 | _a087784481X | ||
| 040 |
_aDLC _cDLC _dDLC |
||
| 050 | 0 | 0 |
_aBS2745.3 _b.S76 |
| 082 | 0 | 0 |
_a220.77 _a227.84077 STO _bBST |
| 100 | 1 |
_aStott, John R. W. _9325 |
|
| 245 | 1 | 0 |
_aGuard the Gospel; _bthe message of 2 Timothy _c[by] John R. W. Stott. |
| 260 |
_aDowners Grove, Ill., _bInter Varsity Press _c[1973] |
||
| 300 |
_a127 p. _c22 cm. |
||
| 350 | _a$1.95 | ||
| 490 | 0 | _aThe Bible speaks today | |
| 504 | _aIncludes bibliographical references. | ||
| 630 | 0 | 0 |
_aBible. _pTimothy, 2nd _xCommentaries. _96064 |
| 906 |
_a7 _bcbc _corignew _d2 _eopcn _f19 _gy-gencatlg |
||
| 942 |
_2ddc _cBK _01 |
||